Los servicios deben encararse con criterio industrial (Registro nro. 28909)

Detalles MARC
000 -LEADER
fixed length control field 00323 a2200109 4500
001 - CONTROL NUMBER
control field ART_24894
005 - DATE AND TIME OF LATEST TRANSACTION
control field 20260410161934.0
008 - FIXED-LENGTH DATA ELEMENTS--GENERAL INFORMATION
fixed length control field 260409a
100 1# - MAIN ENTRY--PERSONAL NAME
Personal name Levitt, Theodore
245 10 - TITLE STATEMENT
Title Los servicios deben encararse con criterio industrial
773 0# - HOST ITEM ENTRY
Title Gestión
Related parts - Nº 1 (jun./jul. 1973)
Record control number REV24740

No hay ítems disponibles.